La responsabilidad civil en el transporte aéreo de mercancías. Convenio de Varsovia. Código Aeronáutico.

Uloženo v:
Podrobná bibliografie
Hlavní autor: Hananías Castillo, Rodrigo (autor)
Další autoři: Cosentino, Eduardo T. (prólogo)
Médium: Kniha
Jazyk:angličtina
Vydáno: Santiago, Chile: Jurídica, 2003.
Témata:
Tagy: Přidat tag
Žádné tagy, Buďte první, kdo vytvoří štítek k tomuto záznamu!

MARC

LEADER 00000nam a22000007a 4500
003 CL-VaPUC
005 20240603113609.0
008 240109t2003 ||||| |||| 00| 0 eng d
999 |c 442919  |d 442917 
020 |a 956-7844-45-3 
040 |c Pontificia Universidad Católica de Valparaíso 
082 |2 22  |a 343.097 HAN 2003 
100 |9 782019  |a Hananías Castillo, Rodrigo  |e autor 
245 |a La responsabilidad civil en el transporte aéreo de mercancías.  |b Convenio de Varsovia. Código Aeronáutico.  
260 |a Santiago, Chile:  |b Jurídica,   |c 2003. 
300 |a 485 páginas. 
500 |a c.1 Donación Sr. Jorge López Santa María. Memo DER N° 050. 22-12-2023. 
583 |c 20240109  |k Yessy Sthefany Diaz Vidal 
650 0 |a Transportes aéreos  |x Normas de seguridad   |x Responsabilidad civil   |9 260842 
650 0 |9 722873  |a Aeronáutica comercial   |x Transportistas   |x Aspectos jurídicos   |x Derecho comparado 
700 |a Cosentino, Eduardo T.  |e prólogo  |9 887067 
942 |2 ddc  |c BK 
952 |0 0  |1 0  |2 ddc  |4 0  |6 343_097000000000000_HAN_2003  |7 0  |8 A  |9 593218  |a BIBDER  |b BIBDER  |d 2024-01-09  |e Donación   |i 5659987  |o 343.097 HAN 2003  |p 5659987  |r 2024-01-09  |t 1  |w 2024-01-09  |y BK  |k DER